La prueba transfronteriza y su eficacia procesal en la Unin̤ Europea

Bibliographic Details
Main Author: Přez Romero, Jos ̌Manuel
Format: eBook
Language:Spanish
Published: Madrid: Dykinson, 2021
Subjects:
Online Access:Acceso restringido

MARC

LEADER 00000nam a22000007a 4500
005 20220620172049.0
007 cr|||| ||||
008 220620s2021 eu |||||s|||| 00||0 spa d
020 |a 978-84-1377-898-3 
035 |a 36113 
040 |a vLex 
090 |c 13443  |d 13443 
100 1 |a Přez Romero, Jos ̌Manuel 
245 1 2 |a La prueba transfronteriza y su eficacia procesal en la Unin̤ Europea  |h [Recurso electrn̤ico] /  |c Jos ̌Manuel Přez Romero 
256 |a Servicio en ln̕ea 
260 |a Madrid:  |b Dykinson,  |c 2021 
300 |a 1 recurso electrn̤ico 
500 |a Esta obra recoge un profundo anl̀isis de la realidad en cuanto a la pretendida libre circulacin̤ de pruebas en el m̀bito de la Unin̤ Europea. Se trata de un estudio analt̕ico, siempre desde un punto de vista crt̕ico y constructivo, que trata de contribuir a la mejora de la eficacia procesal de la prueba obtenida en un Estado miembro y empleada en procesos penales de otros pas̕es de la Unin̤. Este estudio se lleva a cabo desde diferentes perspectivas que comprenden el punto de vista legislativo, las diferentes posturas doctrinales, la jurisprudencia de los tribunales competentes y la experiencia acumulada en la aplicacin̤ de las herramientas. Con el fin de asegurar unas garanta̕s mn̕imas de eficacia en las normas desarrolladas por la Unin̤ Europea para la obtencin̤ de medios de prueba, en la obra se tratan de perfilar las herramientas de cooperacin̤ que estǹ viendo la luz, as ̕como de aportar cierto sustento, comn︢ y transversal, a los diferentes instrumentos de comparticin̤ de indicios ya existentes. Para esta aportacin̤ transversal, se apuesta por dar forma a unos estǹdares mn̕imos comunes que aseguren unos parm̀etros procesales similares en los diferentes Estados de la Unin̤ Europea. As,̕ entre las propuestas ms̀ destacadas que recoge el texto, figura la creacin̤ de una Directiva Europea de Estǹdares Procesales que contribuya a homogeneizar el modo en que se llevan a cabo los actos de investigacin̤ en los diferentes Estados miembros. Como principio inspirador de esta Directiva, el autor establece el derecho a un proceso equitativo consagrado en el artc̕ulo 6.1 del Convenio Europeo de Derechos Humanos y en el artc̕ulo 47 de la Carta de Derechos Fundamentales de la Unin̤ Europea. 
506 1 |a Disponible solo en los productos indicados  |d vLex Global  |d vLex Global (Academic Edition, excluding Law Schools)  |d vLex Global (U.S. Academic Edition, Law Schools)  |d vLex Global (U.S. Academic Edition, excluding Law Schools)  |d vLex Global (Academic Edition, Law Schools) 
650 0 4 |a Derecho Procesal  |z Espaą 
740 0 |a vLex Libros (Servicio en ln̕ea) 
856 4 0 |u https://app.vlex.com/#/sources/36113  |z Acceso restringido 
942 |c BOOK 
999 0 |a Procedural law